[Event "EU-ch Seniors 65 21st"]
[Site "Lublin"]
[Date "2022.07.12"]
[Round "8"]
[White "Scowen, Roger S"]
[Black "Sosnowska, Elzbieta"]
[Result "1-0"]
[WhiteElo "1864"]
[BlackElo "1726"]
[PlyCount "57"]
[EventDate "2022.07.05"]
[EventType "swiss"]
[EventRounds "9"]
[EventCountry "POL"]
[SourceTitle "CBM 209 Extra"]
[Source "ChessBase"]
[SourceDate "2022.09.30"]
[SourceVersion "1"]
[SourceVersionDate "2022.09.30"]
[SourceQuality "1"]

1. e4 g6 2. d4 c6 3. c4 d5 4. cxd5 cxd5 5. e5 Nc6 6. Be3 h5 7. Qd2 Nh6 8. Nf3 Bg4 9. Be2 Nf5 10. Nc3 Nxe3 11. fxe3 e6 12. 0-0 Bh6 13. Nb5 0-0 14. h3 Bxf3 15. Rxf3 a6 16. Nd6 f6 17. Nxb7 Qb6 18. Rg3 Kh7 19. Qd3 f5 20. Nd6 Qxb2 21. Rb1 Qxa2 22. Rb7+ Bg7 23. Bxh5 Qa1+ 24. Kh2 Nxe5 25. dxe5 Qxe5 26. Bxg6+ Kh6 27. Nf7+ Rxf7 28. Bxf7 Qd6 29. Qe2 1-0

[Event "EU-ch Seniors 65 21st"]
[Site "Lublin"]
[Date "2022.07.07"]
[Round "3"]
[White "Plesiuk, Jan"]
[Black "Sosnowska, Elzbieta"]
[Result "1/2-1/2"]
[WhiteElo "1573"]
[BlackElo "1726"]
[PlyCount "112"]
[EventDate "2022.07.05"]
[EventType "swiss"]
[EventRounds "9"]
[EventCountry "POL"]
[SourceTitle "CBM 209 Extra"]
[Source "ChessBase"]
[SourceDate "2022.09.30"]
[SourceVersion "1"]
[SourceVersionDate "2022.09.30"]
[SourceQuality "1"]

1. d4 d5 2. c4 e6 3. Nc3 c5 4. e3 Nf6 5. Nf3 Nc6 6. a3 a6 7. dxc5 Bxc5 8. b4 Be7 9. Bb2 0-0 10. Be2 dxc4 11. Bxc4 b5 12. Be2 Bb7 13. 0-0 Qb6 14. Qb3 Rfd8 15. Rfd1 h6 16. h3 Bf8 17. Ne1 Ne7 18. Bf3 Ned5 19. Rac1 Nxc3 20. Bxc3 Bxf3 21. Nxf3 Nd5 22. Bd4 Qb7 23. Ne5 Rdc8 24. Nd3 Rxc1 25. Rxc1 Rd8 26. Bc5 Nb6 27. Bxf8 Kxf8 28. Nc5 Qa8 29. Rd1 Rd5 30. e4 Rxd1+ 31. Qxd1 Nc4 32. a4 Kg8 33. a5 Qc6 34. Qd7 Qa8 35. Qb7 Qd8 36. Qd7 Qg5 37. Qe8+ Kh7 38. Qxf7 Qc1+ 39. Kh2 Ne5 40. Qf8 Ng6 41. Qf3 Qd2 42. Nd3 Qc3 43. g3 Ne5 44. Nxe5 Qxe5 45. Qe3 Qb2 46. Qc5 Qe2 47. Qb6 Qxe4 48. Qxa6 Qxb4 49. Qb6 Qa4 50. a6 b4 51. a7 b3 52. Qb7 b2 53. Qxb2 Qxa7 54. Qc2+ g6 55. g4 Qb8+ 56. Kg2 Qe5 1/2-1/2

[Event "POL-ch Seniors"]
[Site "Szklarska Poreba"]
[Date "2022.05.15"]
[Round "2"]
[White "Czyz, Andrzej"]
[Black "Sosnowska, Elzbieta"]
[Result "1-0"]
[WhiteElo "1892"]
[BlackElo "1685"]
[PlyCount "83"]
[EventDate "2022.05.13"]
[EventType "swiss"]
[EventRounds "9"]
[EventCountry "POL"]
[SourceTitle "EXT 2024"]
[Source "ChessBase"]
[SourceDate "2023.10.10"]
[SourceVersion "1"]
[SourceVersionDate "2023.10.10"]
[SourceQuality "1"]

1. d4 d5 2. c4 e6 3. Nf3 Nf6 4. Nc3 b6 5. cxd5 exd5 6. Bg5 Be7 7. e3 0-0 8. Qb3 Be6 9. Be2 Nbd7 10. 0-0 c5 11. Ba6 c4 12. Qb5 Qc7 13. Rfc1 h6 14. Bh4 g5 15. Bg3 Bd6 16. b3 Bxg3 17. hxg3 Nb8 18. Qa4 Nxa6 19. Qxa6 Rfc8 20. Ne5 Nd7 21. f4 Nb8 22. Qa3 f6 23. bxc4 dxc4 24. Nf3 Qf7 25. e4 Bd7 26. d5 a5 27. e5 Be8 28. Ne4 b5 29. Nxf6+ Kg7 30. fxg5 Qa7+ 31. Kh2 b4 32. gxh6+ Kxh6 33. Qb2 c3 34. Qe2 Bg6 35. Nh4 Qf7 36. Rf1 Kg7 37. Nh5+ Bxh5 38. Rxf7+ Kxf7 39. Qxh5+ Ke7 40. Qh7+ Kd8 41. Rf1 Nd7 42. d6 1-0

[Event "POL-chT 2nd League"]
[Site "Jastrzebia Gora"]
[Date "2016.09.09"]
[Round "7.48"]
[White "Sosnowska, Elzbieta"]
[Black "Murawko, Katarzyna"]
[Result "1/2-1/2"]
[WhiteElo "1867"]
[BlackElo "2031"]
[PlyCount "91"]
[EventDate "2016.09.03"]
[EventType "team-swiss"]
[EventRounds "9"]
[EventCountry "POL"]
[SourceTitle "EXT 2017"]
[Source "ChessBase"]
[SourceDate "2016.10.25"]
[SourceVersion "1"]
[SourceVersionDate "2016.10.25"]
[SourceQuality "1"]
[WhiteTeam "Pultusk Nadnarwianka"]
[BlackTeam "Debica Gryf"]
[WhiteTeamCountry "POL"]
[BlackTeamCountry "POL"]

1. e4 c5 2. Nf3 a6 3. Nc3 e6 4. d4 cxd4 5. Nxd4 Qc7 6. Bd3 b5 7. a3 Bb7 8. 0-0 Nf6 9. Qe2 d6 10. f4 Nbd7 11. Kh1 Be7 12. Bd2 g6 13. Rae1 e5 14. Nf3 0-0 15. Qf2 exf4 16. Bxf4 Ne5 17. Nxe5 dxe5 18. Bg5 Nh5 19. Bh6 Ng7 20. Nd5 Bxd5 21. exd5 Qd6 22. c4 bxc4 23. Bxc4 f6 24. b3 Kh8 25. a4 f5 26. Qe2 Bf6 27. g4 e4 28. gxf5 gxf5 29. Qg2 Be5 30. Qh3 Qg6 31. Rg1 Qd6 32. Rg5 Ra7 33. Reg1 Bd4 34. Rf1 f4 35. Bxg7+ Rxg7 36. Rxg7 Bxg7 37. Qe6 Qxe6 38. dxe6 a5 39. e7 Re8 40. Rxf4 Rxe7 41. Kg2 Bc3 42. Kf2 e3+ 43. Ke2 Kg7 44. Rf3 Bd2 45. Rf5 h6 46. h3 1/2-1/2

[Event "Miedzyzdroje OB Seniors 23rd"]
[Site "Miedzyzdroje"]
[Date "2015.06.23"]
[Round "7"]
[White "Nuenchert, Eveline"]
[Black "Sosnowska, Elzbieta"]
[Result "1/2-1/2"]
[WhiteElo "2071"]
[BlackElo "1826"]
[PlyCount "27"]
[EventDate "2015.06.17"]
[EventType "swiss"]
[EventRounds "8"]
[EventCountry "POL"]
[SourceTitle "EXT 2018"]
[Source "ChessBase"]
[SourceDate "2017.10.13"]
[SourceVersion "1"]
[SourceVersionDate "2017.10.13"]
[SourceQuality "1"]

1. e4 e5 2. Nf3 Nc6 3. Bb5 Nd4 4. Nxd4 exd4 5. Qf3 Qf6 6. Be2 Bc5 7. d3 d6 8. Nd2 Qg6 9. a3 a5 10. Nb3 Bb6 11. Bf4 Be6 12. Nd2 Bc5 13. Nb3 Bb6 14. Nd2 1/2-1/2

[Event "Warsaw Najdorf Memorial op-B 11th"]
[Site "Warsaw"]
[Date "2013.08.12"]
[Round "8"]
[White "Cyra, Dariusz"]
[Black "Sosnowska, Elzbieta"]
[Result "1-0"]
[WhiteElo "1812"]
[BlackElo "1908"]
[PlyCount "111"]
[EventDate "2013.08.05"]
[EventType "swiss"]
[EventRounds "9"]
[EventCountry "POL"]
[SourceTitle "CBM 155 Extra"]
[Source "ChessBase"]
[SourceDate "2013.08.26"]
[SourceVersion "1"]
[SourceVersionDate "2013.08.26"]
[SourceQuality "1"]

1. d4 d5 2. c4 e6 3. Nc3 c5 4. cxd5 exd5 5. dxc5 d4 6. Na4 Nc6 7. e3 Bxc5 8. Nxc5 Qa5+ 9. Bd2 Qxc5 10. Rc1 Qe7 11. Qa4 Bd7 12. Bb5 dxe3 13. Bxe3 Qb4+ 14. Bd2 Qxa4 15. Bxa4 Ne5 16. Bxd7+ Kxd7 17. Ke2 Nf6 18. Nf3 Rae8 19. Be3 Nc6 20. Rhd1+ Kc7 21. Kf1 Kb8 22. Nd4 Nd5 23. Nxc6+ bxc6 24. Bd4 Re6 25. Bxg7 Rg8 26. Bd4 Kb7 27. g3 h5 28. Re1 Rg4 29. Rxe6 fxe6 30. Rd1 Rg6 31. h4 Rg4 32. Be5 Rc4 33. Rd2 Rc1+ 34. Kg2 Re1 35. Bd4 a5 36. f3 Rc1 37. Re2 c5 38. Bg7 Nc7 39. Bc3 Kb6 40. g4 hxg4 41. fxg4 a4 42. a3 Kb5 43. h5 Nd5 44. Be5 Kc4 45. h6 Kd3 46. Rf2 Ne3+ 47. Kh3 Rg1 48. Bg3 e5 49. h7 e4 50. h8Q Rh1+ 51. Rh2 Rxh2+ 52. Bxh2 Nd1 53. Bf4 e3 54. Qh7+ Kd2 55. Kg3 c4 56. Qe4 1-0

[Event "Warsaw Najdorf Memorial op-B 11th"]
[Site "Warsaw"]
[Date "2013.08.12"]
[Round "9"]
[White "Sosnowska, Elzbieta"]
[Black "Wilczynski, Adam"]
[Result "1/2-1/2"]
[WhiteElo "1908"]
[BlackElo "1697"]
[PlyCount "66"]
[EventDate "2013.08.05"]
[EventType "swiss"]
[EventRounds "9"]
[EventCountry "POL"]
[SourceTitle "CBM 155 Extra"]
[Source "ChessBase"]
[SourceDate "2013.08.26"]
[SourceVersion "1"]
[SourceVersionDate "2013.08.26"]
[SourceQuality "1"]

1. e4 c5 2. Nf3 e6 3. d4 cxd4 4. Nxd4 a6 5. Bd3 Nf6 6. 0-0 Qc7 7. Qe2 d6 8. c3 Nbd7 9. f4 Nc5 10. Bc2 e5 11. Nf3 Be7 12. f5 b5 13. b4 Ncd7 14. a4 bxa4 15. Rxa4 Nb6 16. Ra1 Bb7 17. Bd2 0-0 18. Na3 Qc6 19. Rae1 a5 20. bxa5 Rxa5 21. Nb1 Ra2 22. Bd3 Rc8 23. g3 Nc4 24. h3 Ba6 25. Kh2 h6 26. Rf2 Nh7 27. Qf1 Nxd2 28. Rxd2 Rxd2+ 29. Nfxd2 Bxd3 30. Qxd3 Bg5 31. Nf3 Be7 32. Re2 Nf6 33. Nfd2 Qc5 1/2-1/2

[Event "Warsaw Najdorf Memorial op-B 11th"]
[Site "Warsaw"]
[Date "2013.08.09"]
[Round "6"]
[White "Moskwinski, Marek"]
[Black "Sosnowska, Elzbieta"]
[Result "1-0"]
[WhiteElo "1778"]
[BlackElo "1908"]
[PlyCount "63"]
[EventDate "2013.08.05"]
[EventType "swiss"]
[EventRounds "9"]
[EventCountry "POL"]
[SourceTitle "CBM 155 Extra"]
[Source "ChessBase"]
[SourceDate "2013.08.26"]
[SourceVersion "1"]
[SourceVersionDate "2013.08.26"]
[SourceQuality "1"]

1. e4 e5 2. Nf3 Nf6 3. Nxe5 d6 4. Nf3 Nxe4 5. d4 d5 6. Bd3 Nc6 7. 0-0 Be7 8. c4 Nb4 9. Be2 0-0 10. Nc3 Nf6 11. a3 Nc6 12. Ne5 Be6 13. Nxc6 bxc6 14. c5 Qd7 15. Bf4 a5 16. b4 axb4 17. axb4 Ne4 18. Qc2 Nxc3 19. Qxc3 Rfb8 20. Ra5 Bd8 21. Rfa1 Qc8 22. Ba6 Qd7 23. R1a4 Bf5 24. Bf1 Qc8 25. Qe3 Be6 26. Ba6 Qd7 27. Qa3 Qe7 28. Bf1 Rxa5 29. bxa5 Qf6 30. Be5 Qg6 31. Rb4 Ra8 32. a6 1-0

[Event "Augustow Golden Rook op 53rd"]
[Site "Augustow"]
[Date "2011.05.31"]
[Round "3.16"]
[White "Sosnowska, Elzbieta"]
[Black "Ostrowska, Dominika"]
[Result "0-1"]
[WhiteElo "1985"]
[BlackElo "1936"]
[PlyCount "124"]
[EventDate "2011.05.29"]
[EventType "team-swiss"]
[EventRounds "9"]
[EventCountry "POL"]
[SourceTitle "EXT 2023"]
[Source "ChessBase"]
[SourceDate "2022.10.05"]
[SourceVersion "1"]
[SourceVersionDate "2022.10.05"]
[SourceQuality "1"]
[WhiteTeam "Pultusk Nadnarwianka"]
[BlackTeam "Suwalki Hancza"]
[WhiteTeamCountry "POL"]
[BlackTeamCountry "POL"]

1. e4 c5 2. Nf3 d6 3. d4 cxd4 4. Nxd4 Nf6 5. Nc3 a6 6. f4 Nbd7 7. a4 b6 8. Bd3 Bb7 9. Qe2 Qc7 10. 0-0 g6 11. Kh1 Bg7 12. Bd2 0-0 13. Rae1 Nc5 14. Nf3 Rad8 15. e5 dxe5 16. Nxe5 Nxd3 17. cxd3 e6 18. Be3 Nd5 19. Nxd5 Bxd5 20. Qf2 Qb7 21. Rg1 b5 22. a5 f6 23. Nf3 Bxf3 24. gxf3 Rxd3 25. Rg3 Qd5 26. Re2 Rd8 27. Rh3 Qf5 28. Kg2 Rd1 29. Qh4 h5 30. Qg3 Ra1 31. Bf2 Qb1 32. Be1 Rd1 33. Kf1 Qd3 34. Kf2 Kf7 35. f5 exf5 36. Rh4 Bf8 37. Qc7+ Qd7 38. Qc3 Rac1 39. Qb3+ Qd5 40. Qxd5+ Rxd5 41. Bd2 Rb1 42. Be3 Rbd1 43. Rc2 b4 44. Rc7+ Ke6 45. Rhc4 Bd6 46. R7c6 Rxa5 47. Rxb4 Kd7 48. Rbb6 f4 49. Ke2 Rad5 50. Bc1 Rh1 51. Rc4 Rxh2+ 52. Ke1 Rh1+ 53. Ke2 g5 54. Rxa6 h4 55. Ra7+ Ke6 56. b3 h3 57. Rh7 Bc5 58. Bxf4 gxf4 59. Rxf4 Rh2+ 60. Ke1 Bf2+ 61. Kf1 Bg3 62. Re4+ Kd6 0-1

[Event "POL-chT 2nd League"]
[Site "Miedzyzdroje"]
[Date "2009.09.19"]
[Round "8"]
[White "Cherednichenko, Svetlana"]
[Black "Sosnowska, Elzbieta"]
[Result "1-0"]
[WhiteElo "2344"]
[BlackElo "1977"]
[PlyCount "51"]
[EventDate "2009.09.12"]
[EventType "team-swiss"]
[EventRounds "9"]
[EventCountry "POL"]
[SourceTitle "EXT 2019"]
[Source "ChessBase"]
[SourceDate "2018.10.10"]
[SourceVersion "1"]
[SourceVersionDate "2018.10.10"]
[SourceQuality "1"]
[WhiteTeam "Raciborz KSz Silesia"]
[BlackTeam "Pultusk Nadnarwianka"]
[WhiteTeamCountry "POL"]
[BlackTeamCountry "POL"]

1. d4 d5 2. Nf3 Nf6 3. e3 e6 4. Bd3 c5 5. b3 cxd4 6. exd4 Bb4+ 7. c3 Bd6 8. 0-0 Nbd7 9. Qe2 b6 10. Bb2 0-0 11. Ne5 Bb7 12. Nd2 a6 13. f4 Qe7 14. Rae1 Rfd8 15. f5 Nf8 16. Rf3 b5 17. Ref1 h5 18. fxe6 Nxe6 19. Rxf6 gxf6 20. Qxh5 Ng5 21. Ng4 f5 22. Rxf5 Qe1+ 23. Nf1 Be7 24. Rxg5+ Bxg5 25. Qxg5+ Kf8 26. Ba3+ 1-0

[Event "Warsaw Najdorf Memorial op-A"]
[Site "Warsaw"]
[Date "2009.07.23"]
[Round "6"]
[White "Sosnowska, Elzbieta"]
[Black "Choroszej, Aleksander"]
[Result "0-1"]
[WhiteElo "2015"]
[BlackElo "2067"]
[PlyCount "72"]
[EventDate "2009.07.18"]
[EventType "swiss"]
[EventRounds "9"]
[EventCountry "POL"]
[SourceTitle "CBM 131 Extra"]
[Source "ChessBase"]
[SourceDate "2009.09.03"]
[SourceVersion "2"]
[SourceVersionDate "2009.09.16"]
[SourceQuality "1"]

1. e4 d6 2. d4 Nf6 3. Nc3 g6 4. f4 Bg7 5. Nf3 0-0 6. e5 Nfd7 7. Ne4 c5 8. c3 cxd4 9. cxd4 dxe5 10. dxe5 Qb6 11. Qd4 Nc6 12. Qc3 Qb4 13. Bd3 Nb6 14. Bd2 Qxc3 15. bxc3 Rd8 16. Ke2 f6 17. Bb5 fxe5 18. Bxc6 bxc6 19. Nxe5 Ba6+ 20. Ke1 Bxe5 21. fxe5 Nc4 22. Bf4 Rd5 23. e6 Rf8 24. g3 Nb2 25. Nf2 Rf6 26. Ng4 Nd3+ 27. Kd2 Ne5+ 28. Kc2 Nxg4 29. Rhd1 Rxe6 30. Rxd5 cxd5 31. h3 Re2+ 32. Kb3 Nf6 33. Kb4 Ne4 34. Be5 Bc4 35. a4 Rb2+ 36. Ka5 Nc5 0-1

[Event "Warsaw Najdorf Memorial op-A"]
[Site "Warsaw"]
[Date "2009.07.19"]
[Round "2"]
[White "Sosnowska, Elzbieta"]
[Black "Krzywda, Andrzej"]
[Result "0-1"]
[WhiteElo "2015"]
[BlackElo "2148"]
[PlyCount "74"]
[EventDate "2009.07.18"]
[EventType "swiss"]
[EventRounds "9"]
[EventCountry "POL"]
[SourceTitle "CBM 131 Extra"]
[Source "ChessBase"]
[SourceDate "2009.09.03"]
[SourceVersion "2"]
[SourceVersionDate "2009.09.16"]
[SourceQuality "1"]

1. e4 c5 2. Nf3 Nc6 3. d4 cxd4 4. Nxd4 Nf6 5. Nc3 d6 6. Be2 e5 7. Nb3 Be7 8. 0-0 0-0 9. f4 a5 10. a4 Nb4 11. Bf3 Be6 12. Qe2 Nxc2 13. Qxc2 Qb6+ 14. Kh1 Bxb3 15. Qd2 Rfe8 16. Qe1 Bc4 17. Rf2 Rad8 18. Be3 Qb4 19. Rd2 Kh8 20. Qg3 h6 21. f5 Bb3 22. Qh3 d5 23. exd5 e4 24. Rd4 exf3 25. Rxb4 axb4 26. Nb5 fxg2+ 27. Kxg2 Bxd5+ 28. Kg1 Bc6 29. Nc7 Rg8 30. Kf2 Bd6 31. Nb5 Be5 32. Rb1 Rd3 33. Qh4 Re8 34. Qc4 Bg3+ 35. hxg3 Rexe3 36. Nd4 Ne4+ 37. Kg2 Nd6+ 0-1

[Event "Rowy Veterans 14th"]
[Site "Rowy"]
[Date "2008.09.03"]
[Round "6.10"]
[White "Wrabel, Antoni"]
[Black "Sosnowska, Elzbieta"]
[Result "0-1"]
[WhiteElo "1905"]
[BlackElo "2008"]
[PlyCount "68"]
[EventDate "2008.08.30"]
[EventType "swiss"]
[EventRounds "9"]
[EventCountry "POL"]
[SourceTitle "EXT 2023"]
[Source "ChessBase"]
[SourceDate "2022.10.05"]
[SourceVersion "1"]
[SourceVersionDate "2022.10.05"]
[SourceQuality "1"]

1. e4 e5 2. Nf3 Nf6 3. d3 Nc6 4. Be2 d5 5. exd5 Nxd5 6. 0-0 Bc5 7. Nxe5 Bxf2+ 8. Rxf2 Nxe5 9. d4 Ng6 10. c4 Nde7 11. Nc3 0-0 12. d5 b6 13. b3 Nf5 14. Bg4 Nd6 15. Ba3 a6 16. Bxc8 Rxc8 17. Qd2 Re8 18. Raf1 f6 19. Re2 Qd7 20. Rfe1 Rxe2 21. Rxe2 Ne5 22. Bb2 Qg4 23. h3 Qg6 24. Kh2 Re8 25. Qe1 Rd8 26. Ba3 Nf5 27. Ne4 Nd4 28. Rf2 Nd3 29. Qe3 Nxf2 30. Nxf2 Nf5 31. Qf4 Nd6 32. b4 Qf5 33. Qd4 Qe5+ 34. Qxe5 fxe5 0-1

[Event "Rowy Veterans 14th"]
[Site "Rowy"]
[Date "2008.08.30"]
[Round "1.12"]
[White "Sosnowska, Elzbieta"]
[Black "Santura, Janusz"]
[Result "0-1"]
[WhiteElo "2008"]
[BlackElo "1808"]
[PlyCount "121"]
[EventDate "2008.08.30"]
[EventType "swiss"]
[EventRounds "9"]
[EventCountry "POL"]
[SourceTitle "EXT 2023"]
[Source "ChessBase"]
[SourceDate "2022.10.05"]
[SourceVersion "1"]
[SourceVersionDate "2022.10.05"]
[SourceQuality "1"]

1. e4 c6 2. c4 d5 3. exd5 cxd5 4. d4 e6 5. Nc3 Nf6 6. Nf3 Be7 7. Bd3 0-0 8. 0-0 dxc4 9. Bxc4 Nc6 10. Be3 Nb4 11. Bb3 b6 12. Qd2 Bb7 13. Ne5 Nbd5 14. f3 Rc8 15. Bf2 Bb4 16. Rac1 Qe7 17. Rc2 Rfd8 18. Rfc1 b5 19. Bxd5 Bxc3 20. Rxc3 Nxd5 21. Rc5 a6 22. b3 h6 23. h4 Nb6 24. Qa5 Qd6 25. Qe1 Nd7 26. Nxd7 Qxd7 27. Qe5 Rxc5 28. dxc5 Bc6 29. Be3 Qe7 30. Bf2 f6 31. Qe2 Qd7 32. a4 e5 33. axb5 axb5 34. b4 Qd2 35. Qxd2 Rxd2 36. Be1 Rd7 37. Ra1 Kf7 38. Ra6 Rc7 39. Kf2 Ke6 40. Ke3 Kd5 41. Kd3 Rc8 42. Ra7 Rg8 43. Bd2 f5 44. Re7 g5 45. hxg5 hxg5 46. Bc3 Re8 47. Rg7 g4 48. fxg4 f4 49. Rg5 Bd7 50. Bb2 Bc6 51. Bc3 Bd7 52. Rg6 e4+ 53. Ke2 Be6 54. Bd2 e3 55. Bc3 Ke4 56. Rg5 Bc4+ 57. Ke1 Kd3 58. Be5 Ra8 59. c6 Ra2 60. Kd1 e2+ 61. Ke1 0-1